Estadísticas para Países que Rodean Roma

Haz click aquí para intentar la prueba.

Estadísticas generales

  • Esta prueba ha sido intentada 1.535 veces
  • La puntuación promedio es 14 de 17

Estadísticas de respuestas

°País% Correcto
250°–259°España
97%
259°–297°, 298°–317°Francia
96%
317°–344°Suiza
92%
108°–124°Grecia
90%
10°–81°Croacia
87%
7°–10°Eslovenia
85%
164°–166°Malta
85%
0°–7°, 344°–357°Austria
84%
357°–0°San Marino
84%
88°–108°Albania
81%
244°–250°Marruecos
80%
185°–212°Túnez
80%
212°–244°Argelia
79%
124°–130°Egipto
79%
297°–298°Mónaco
78%
130°–164°, 166°–185°Libia
77%
81°–88°Montenegro
73%

Distribución de puntuación

Porcentaje por número respondido

Porcentaje de gente con cada puntuación

Historial de tus puntuaciones

No has intentado esta prueba.